000 00309nam a2200133Ia 4500
005 20251222152724.0
008 251222s9999||||xx |||||||||||||| ||spa||
082 _a892.73/R93
100 _aRuiz Bravo, Carmen
245 0 _aYamil y Yamila
250 _a1ra. ed.
264 _bEscuela EspaƱola
942 _cLIB
999 _c29688
_d29688